000
00276nam a22001337a 4500
008
170911b xxu||||| |||| 00| 0 eng d
020
_a
133513467
041
_a
eng
080
_a
91
100
_a
42
101
_a
GJEO
245
_a
GEOGRAPHY
_c
TAAFFE, E.J
942
_2
udc
_c
BK
999
_c
26934
_d
26934